000 00617nam a2200193Ia 4500
003 IN-BaIIA
008 211028s9999 xx 000 0 eng d
040 _cIIA Library
080 _a523.9(082.2)
_bTHE
245 4 _aThe Menzel symposium on solar physics, atomic spectra, and gaseous nebulae
_cedited by Katharine Gebbie
260 _aWashington
_bU. S. Government Printing Office
_c1971
300 _ax, 213p.
490 _aNBS special publication; 353
650 _aAtomic spectra
_91533
650 _aGaseous nebulae
_92296
650 _aSolar physics
700 _aGebbie, Katharine B., ed.
_97809
942 _cBK
999 _c4472
_d4472